• 首页
  • 本馆介绍
  • 公告通知
  • 最新文献
  • 馆藏检索
  • 电子资源
  • 读者导购
  • 参考咨询
  • 我的图书馆
  • 登录
  • 详细信息显示
  • 放入我的书架
  • 预约/预借图书
  • 作者相关作品
  • 分类相关作品
  • 丛书相关作品
  • 出版社相关作品

书目信息

  • 表格格式
  • 工作单格式
  • 卡片格式
题名:
公共场所安全防范
    
 
作者: 裴岩 主编 ;尚斌 撰稿
分册:  
出版信息: 北京   中国社会出版社  2008
页数: 175页
开本: 21cm
丛书名: 社区安全防范丛书
单 册:
中图分类: D631.43
科图分类:
主题词: 公共场所--治安管理--基本知识--中国 , 公共场所 , 治安管理
电子资源:
ISBN: 978-7-5087-2001-2
000 00946oam2 2200277 450
001 1241207358
005 20121004112725.54
010    @a978-7-5087-2001-2@dCNY12.00
100    @a20080127d2008 em y0chiy50 ea
101 0  @achi
102    @aCN@b110000
105    @ay z 000yy
200 1  @a公共场所安全防范@Agong gong chang suo an quan fang fan@f裴岩主编@g尚斌[等]撰稿
210    @a北京@c中国社会出版社@d2008
215    @a175页@d21cm
225 2  @a社区安全防范丛书
330    @a本书介绍了公民公共娱乐服务场所安全防范、公民公共交通场所安全防范、公民公共游览场所安全防范、公民商品交易市场安全防范、中小学校及幼儿园安全、大学校园安全等七章内容。
461  0 @12001 @a社区安全防范丛书
606 0  @a公共场所@x治安管理@x基本知识@y中国
606 0  @a公共场所
606 0  @a治安管理
690    @aD631.43@v4
701  0 @a裴岩@Apei yan@4主编
702  0 @a尚斌@Ashang bin@4撰稿
801  0 @aCN@bNLC@c20101222
905    @a10447@dD631.43@eJY31
    
    公共场所安全防范/裴岩主编/尚斌[等]撰稿.-北京:中国社会出版社,2008
    175页;21cm.-(社区安全防范丛书)
    
    
    ISBN 978-7-5087-2001-2:CNY12.00
    本书介绍了公民公共娱乐服务场所安全防范、公民公共交通场所安全防范、公民公共游览场所安全防范、公民商品交易市场安全防范、中小学校及幼儿园安全、大学校园安全等七章内容。
●
相关链接 在E读中查询图书 在五车中查询图书 在当当中查询图书 在豆瓣中查询图书


正题名:公共场所安全防范     索取号:D631.43/JY31         预约/预借

序号 登录号 条形码 馆藏地/架位号 状态 备注
1 7812104   278121042   学院路分馆/ [索取号:D631.43/JY31] 在馆    
2 7812105   278121051   学院路分馆/ [索取号:D631.43/JY31] 在馆    
3 7812106   278121060   学院路分馆/ [索取号:D631.43/JY31] 在馆    
唐山师范学院图书馆 欢迎您!
大连网信软件有限公司© 版权所有